| 000 | 00556nam a22001577a 4500 | ||
|---|---|---|---|
| 003 | macl | ||
| 005 | 20240412151722.0 | ||
| 008 | 240412b |||||||| |||| 00| 0 eng d | ||
| 040 | _cmacl | ||
| 082 | _a355 | ||
| 100 |
_aसिंह, आर. पी . _960944 |
||
| 245 | _aभारतीय प्रमुख सैनिक इंडियन आर्मी चीफ | ||
| 260 |
_aदिल्ली _bमैट्रिक्स पब्लिशर्स _c2016 |
||
| 650 |
_aसैनिक विज्ञान _966695 |
||
| 942 |
_2ddc _cHIN |
||
| 999 |
_c66809 _d66809 |
||